Kierowcy Ferrari w F1 - Nagła śmierć - Statystyki

Ogólne statystyki
  • Ten quiz został rozwiązany 118 razy
  • Średni wynik to 6 z 18
Answers on the Grid
Answers color-coded by a green-red scale on the quiz's grid according to % correct below.
Lewis Hamilton
Nicholas Latifi
Alfonso De Portago
James Calado
Christian Klien
Luca Badoer
Damon Hill
Lorenzo Bandini
Danił Kwiat
Roberto Merhi
Charles Leclerc
Rubens Barrichello
Max Verstappen
Fernando Alonso
Sebastian Vettel
Marc Webber
Mika Salo
Ayrton Senna
Eddie Irvine
Juan Manuel Fangio
Robert Kubica
Michael Schumacher
Phil Hill
Ralf Schumacher
Jack Brabham
Niki Lauda
Danny Hamlin
Gerhard Berger
José Froilán González
Valtteri Bottas
Carlos Sainz
Sergio Perez
Jean Alesi
Jochen Rindt
Daniel Ricciardo
 
Statystyki odpowiedzi
Odpowiedź % Poprawnych
Lewis Hamilton
99%
Charles Leclerc
59%
Fernando Alonso
55%
Michael Schumacher
55%
Rubens Barrichello
54%
Sebastian Vettel
52%
Carlos Sainz
48%
Niki Lauda
45%
Luca Badoer
33%
Eddie Irvine
26%
Gerhard Berger
25%
Juan Manuel Fangio
23%
Lorenzo Bandini
19%
Jean Alesi
17%
Mika Salo
13%
Phil Hill
10%
José Froilán González
7%
Alfonso De Portago
6%
Nie znaleziono quizów pasujących do podanych kryteriów
Rozkład punktacji
Procent ludzi z każdym wynikiem
Percentyl według liczby udzielonych odpowiedzi
Twoja historia wyników
Nie rozwiązałeś tego quizu